Measuring sustainable development : macroeconomics and the environment
Αποθηκεύτηκε σε:
| Άλλοι συγγραφείς: | |
|---|---|
| Μορφή: | Βιβλίο |
| Γλώσσα: | English |
| Δημοσίευση: |
Cheltenham :
Edward Elgar,
c1997
|
| Θέματα: | |
| Ετικέτες: |
Προσθήκη ετικέτας
Δεν υπάρχουν, Καταχωρήστε ετικέτα πρώτοι!
|
MARC
| LEADER | 00000nam a2200000 i 4500 | ||
|---|---|---|---|
| 001 | 1/15901 | ||
| 008 | 980717s1997 eng d | ||
| 020 | |a 1-85898-572-2 | ||
| 035 | |l 10020004 | ||
| 040 | |a GR-MY-UA |b |e aacr | ||
| 041 | 0 | |a eng | |
| 082 | 0 | |a 338.9 | |
| 245 | 1 | 0 | |a Measuring sustainable development : |b macroeconomics and the environment / |c Giles Atkinson...[et al.] |
| 260 | |a Cheltenham : |b Edward Elgar, |c c1997 | ||
| 300 | |a 252 p. | ||
| 504 | |a Includes bibliographical references | ||
| 650 | 0 | 0 | |a Sustainable development. |
| 650 | 0 | 0 | |a Economic development |x Environmental aspects. |
| 700 | 1 | |a Atkinson, Giles |d 1969- | |
| 852 | |a INST |b LESVOS |e 19980717 |h 338.9 MEA |p 005100013651 |q 005100013651 |t BK |y 0 | ||
| 901 | |a BIBL-1998-2 | ||
| 909 | |a Λ |b 058348 | ||
| 922 | |a 1ΕΛΗ |b 199807 |c ΚΠΣ/ΤΠ |d ΠΑΠΑΣΩΤΗΡΙΟΥ | ||
| 950 | |a 107-1998-04-06 | ||